01160nam a2200277 i 4500001001000000003000900010005001700019007000300036008004100039040003000080049000900110082002000119245009800139264008200237300002800319336002700347337003300374338002800407490003500435500007300470700004700543942001400590952012700604952013400731999001700865000014088DO-SdBNP20250226103303.0ta091204s1975 dr 000 0 spa d aDO-SdBNPbspacBNPHUerda aBNPD 4axxxxbD449W22200aDesde Washington Pedro Henríquez Ureña /cCompilación e introducción, Minerva Salado. 1aLa Habana, Cuba :bCasa de las AméricasbInstituto Cubano del Libro,c1975. a128 páginas ;c23 cm. atextobtxt2rdacontent asin mediaciónbn2rdamedia avolumenbnc2rdacarrier aColección Cuadernos Casav14 aIncluye referencias bibliográficas y notas al pie de las páginas1 aSalado, Minerva,ecompilador4comp.931893 2ddccLBS1 00102ddc51708PDaBNPHUbBNPHUcCTd2009-12-04l0oBNPHU PD D449Wp14088-10r2020-06-25w2020-06-25yLBS1ZNo se presta 00102ddc51708PDaBNPHUbBNPHUcCTd2010-04-13l0oBNPHU PD D449Wp14088-20r2020-06-25te. 2w2020-06-25yLBS1ZNo se presta c13690d13690